Hoffman and Abeloff's hematology-oncology review / (Record no. 171296)

MARC details
000 -LEADER
fixed length control field 01040nam a22002897a 4500
003 - CONTROL NUMBER IDENTIFIER
control field OSt
005 - DATE AND TIME OF LATEST TRANSACTION
control field 20250219094859.0
008 - FIXED-LENGTH DATA ELEMENTS--GENERAL INFORMATION
fixed length control field 250218b |||||||| |||| 00| 0 eng d
020 ## - INTERNATIONAL STANDARD BOOK NUMBER
International Standard Book Number 9780323429757 (paperback)
040 ## - CATALOGING SOURCE
Original cataloging agency NUST
Language of cataloging eng
Transcribing agency NUST
Modifying agency NUST
Description conventions rda
050 ## - LIBRARY OF CONGRESS CALL NUMBER
Classification number RC266.5 HOF
245 ## - TITLE STATEMENT
Title Hoffman and Abeloff's hematology-oncology review /
Statement of responsibility, etc. Claudine Isaacs, Sanjiv Agarwala, John Marshall, Naiyer Rizvi, Bruce Cheson and Alice Ma.
250 ## - EDITION STATEMENT
Edition statement First edition.
260 ## - PUBLICATION, DISTRIBUTION, ETC.
Place of publication, distribution, etc. Philadelphia, PA :
Name of publisher, distributor, etc. Elsevier,
Date of publication, distribution, etc. 2018.
300 ## - PHYSICAL DESCRIPTION
Extent xii, 385 pages :
Other physical details Illustrations ;
Dimensions 28 cm.
336 ## - CONTENT TYPE
Source rdamedia
Content type term text
Content type code txt
337 ## - MEDIA TYPE
Source rdamedia
Media type term unmediated
Media type code n
338 ## - CARRIER TYPE
Source rdamedia
Carrier type term volume
Carrier type code nc
504 ## - BIBLIOGRAPHY, ETC. NOTE
Bibliography, etc. note Includes bibliographical references and index.
650 ## - SUBJECT ADDED ENTRY--TOPICAL TERM
Form subdivision Neoplasms.
650 ## - SUBJECT ADDED ENTRY--TOPICAL TERM
Form subdivision Tumors.
650 ## - SUBJECT ADDED ENTRY--TOPICAL TERM
Form subdivision Hematologic diseases.
700 ## - ADDED ENTRY--PERSONAL NAME
Personal name Isaacs, Claudine
Relator term Editor
700 ## - ADDED ENTRY--PERSONAL NAME
Personal name Abeloff, Martin D
Relator term Editor
700 ## - ADDED ENTRY--PERSONAL NAME
Personal name Hoffman, Ronald
Relator term Editor
942 ## - ADDED ENTRY ELEMENTS (KOHA)
Source of classification or shelving scheme Library of Congress Classification
Koha item type Ordinary Loan Books
Edition First edition.
Classification part RC266.5 HOF
Call number prefix RC
Call number suffix HOF
Suppress in OPAC No
Holdings
Withdrawn status Lost status Source of classification or shelving scheme Damaged status Not for loan Collection Home library Current library Shelving location Date acquired Source of acquisition Cost, normal purchase price Total Checkouts Full call number Barcode Date last seen Accession number Cost, replacement price Price effective from Koha item type Public note
    LCC     NFIC MEDICAL MEDICAL GEN 02/18/2025 Book Aid International 72.09   RC266.5 HOF 92004055848 02/18/2025 62421 72.09 02/18/2025 BOOKS Donation